| 000 -LEADER |
| fixed length control field |
00396cam a22001217a 4500 |
| 008 - FIXED-LENGTH DATA ELEMENTS--GENERAL INFORMATION |
| fixed length control field |
180718b1976 xxu||||| |||| 00| 0 eng d |
| 082 ## - DEWEY DECIMAL CLASSIFICATION NUMBER |
| Classification number |
A99 P272 N213 |
| 245 ## - TITLE STATEMENT |
| Title |
Vithalbhai Patel, patriot and president |
| 260 ## - PUBLICATION, DISTRIBUTION, ETC. |
| Place of publication, distribution, etc. |
Delhi |
| Name of publisher, distributor, etc. |
National Forum of Lawers and Legal Aid |
| Date of publication, distribution, etc. |
1976 |
| 300 ## - PHYSICAL DESCRIPTION |
| Extent |
464p. |
| 650 ## - SUBJECT ADDED ENTRY--TOPICAL TERM |
| Topical term or geographic name entry element |
Patel, Vithalbhai 1873-1933 |
| 700 ## - ADDED ENTRY--PERSONAL NAME |
| Personal name |
National Forum of Lawyers and Legal Aid, New Delhi |